| 000 | 00918nam a2200301 i 4500 | ||
|---|---|---|---|
| 001 | 47605 | ||
| 003 | KOSZ 005 | ||
| 005 | 20210803075002.0 | ||
| 008 | 980808s1986 us a g |000 0 eng d | ||
| 020 | _a087044585 | ||
| 040 |
_cKOSZ 005 _aKOSZ005 _dKOSZ 005/HR |
||
| 041 | 0 | _aeng | |
| 046 | _k1986 | ||
| 080 | _a72.032 | ||
| 245 | 0 | 0 |
_aBuilders of the ancient world : _bmarvels of engineering. |
| 260 |
_aWashington, D.C. : _bNational Geographic Society, _ccop. 1986. |
||
| 300 |
_a199 s : _bfot. ; _c27 cm. |
||
| 380 | _aKsiążki | ||
| 388 | _a1901-2000 | ||
| 504 | _aBibliogr. s.197. Indeks. | ||
| 650 | 4 | _aStyle architektoniczne | |
| 650 | 4 | _aBudownictwo | |
| 650 | 4 | _aStarożytność | |
| 658 | _aArchitektura i budownictwo | ||
| 658 | _aHistoria | ||
| 856 |
_uhttp://koha.tu.koszalin.pl/cgi-bin/koha/opac-detail.pl?biblionumber=47605 _yKatalog online BPK |
||
| 942 |
_cKS _2UKD |
||
| 999 |
_c47605 _d47605 |
||